History quiz - Statistics

General Stats
  • This quiz has been taken 22 times
  • The average score is 6 of 7
Answer Stats
Hint Answer % Correct
Cleopatra's country Egypt
100%
"Great" conqueror of Persia Alexander
95%
Modern-day name of Constantinople Istanbul
91%
Alfred Nobel's invention Dynamite
77%
Which ancient city in North Africa was Rome’s great rival during the Punic Wars? Carthage
73%
One of two epics attributed to Homer Odyssey
73%
Stick game invented by indigenous Canadians Lacrosse
55%
No matching quizzes found
Score Distribution
Percent of People with Each Score
Percentile by Number Answered
Your Score History
You have not taken this quiz